000 00611nam a2200181 i 4500
001 87264
003 ES-MaACL
005 20230906175632.0
007 t|
008 041220s1957 sp ||||1| spa d
100 1 _aKronenburg, Juan B.
_968890
245 1 3 _aEl apóstol de los leprosos en Surinán
_b: venerable P. Pedro Donders : redentorista /
_cJuan B. Kronenburg ; versión del francés por Félix Elejalde.
250 _a2ª ed.
260 _aMadrid :
_bEl Perpetuo Socorro,
_c1957 (
_fSèz)
300 _a286 p. ;
_c17 cm.
700 1 _aElejalde, Félix.
_946924
852 _aES-MaACL
_jC-13837
_bR.41722
999 _c87264
_d87264